<?xml version="1.0" encoding="UTF-8"?>
<record
    xmlns:xsi="http://www.w3.org/2001/XMLSchema-instance"
    xsi:schemaLocation="http://www.loc.gov/MARC21/slim http://www.loc.gov/standards/marcxml/schema/MARC21slim.xsd"
    xmlns="http://www.loc.gov/MARC21/slim">

  <leader>01653nam a2200265   4500</leader>
  <datafield tag="952" ind1=" " ind2=" ">
    <subfield code="0">0</subfield>
    <subfield code="1">0</subfield>
    <subfield code="4">0</subfield>
    <subfield code="7">0</subfield>
    <subfield code="a">03</subfield>
    <subfield code="b">03</subfield>
    <subfield code="d">2017-10-11</subfield>
    <subfield code="l">1</subfield>
    <subfield code="o">RC636 H4518</subfield>
    <subfield code="p">03 009611</subfield>
    <subfield code="r">2020-01-09</subfield>
    <subfield code="s">2020-01-09</subfield>
    <subfield code="t">1</subfield>
    <subfield code="w">2017-10-11</subfield>
    <subfield code="y">LB</subfield>
  </datafield>
  <datafield tag="952" ind1=" " ind2=" ">
    <subfield code="0">0</subfield>
    <subfield code="1">0</subfield>
    <subfield code="4">0</subfield>
    <subfield code="7">0</subfield>
    <subfield code="a">03</subfield>
    <subfield code="b">03</subfield>
    <subfield code="d">2017-10-11</subfield>
    <subfield code="l">0</subfield>
    <subfield code="o">RC636 H4518</subfield>
    <subfield code="p">03 009613</subfield>
    <subfield code="r">2017-10-11</subfield>
    <subfield code="t">2</subfield>
    <subfield code="w">2017-10-11</subfield>
    <subfield code="y">LB</subfield>
  </datafield>
  <datafield tag="999" ind1=" " ind2=" ">
    <subfield code="c">102559</subfield>
    <subfield code="d">102559</subfield>
  </datafield>
  <controlfield tag="008">171011s2014    mx od||| |||| 00| 0 spa d</controlfield>
  <datafield tag="020" ind1=" " ind2=" ">
    <subfield code="a">9786074483635</subfield>
  </datafield>
  <datafield tag="050" ind1=" " ind2=" ">
    <subfield code="a">RC636</subfield>
    <subfield code="b">H4518</subfield>
  </datafield>
  <datafield tag="240" ind1=" " ind2=" ">
    <subfield code="a">Lecture Notes. Haematology</subfield>
  </datafield>
  <datafield tag="245" ind1=" " ind2=" ">
    <subfield code="a">Hematolog&#xED;a</subfield>
    <subfield code="b">: Diagn&#xF3;stico y tratamiento</subfield>
    <subfield code="c">/ Chris S.R. Hatton, Nevin C. Hughes-Jones, Devora Hay, David Keeling; traducci&#xF3;n de Juan Roberto Palacios Mart&#xED;nez</subfield>
  </datafield>
  <datafield tag="260" ind1=" " ind2=" ">
    <subfield code="a">M&#xE9;xico</subfield>
    <subfield code="b">: El Manual Moderno</subfield>
    <subfield code="c">, 2014</subfield>
  </datafield>
  <datafield tag="300" ind1=" " ind2=" ">
    <subfield code="a">157 p&#xE1;ginas</subfield>
  </datafield>
  <datafield tag="505" ind1=" " ind2=" ">
    <subfield code="a">Introducci&#xF3;n a la hematopoyesis
Anemia : principios generales
Anemias hemoliticas
Trastornos de la s&#xED;ntesis de globinas
Trastornos relacionados con anomal&#xED;as de los leucocitos
Estructura y funci&#xF3;n del tejido linf&#xE1;tico
Linfomas principios generales
Clasificaci&#xF3;n de los linformas
Trastornos neopl&#xE1;sicos de c&#xE9;lulas linfociticas
Mieloma y otras paraproteinemias
Trastornos neopl&#xE1;sicos de c&#xE9;lulas linfoc&#xED;ticas
Trasplante de m&#xE9;dula &#xF3;sea
Anemia apl&#xE1;sica y  aplasia eritrocitica pura
Hemostasis, sangrado anormal y tratamiento anticoagulante
Grupos sangu&#xED;neos y transfusi&#xF3;n de sangre
Lecturas adicionales</subfield>
  </datafield>
  <datafield tag="519" ind1=" " ind2=" ">
    <subfield code="a">Educaci&#xF3;n Mixta /</subfield>
    <subfield code="b">Criminal&#xED;stica /</subfield>
    <subfield code="c">Serolog&#xED;a Forense (P14-3) /</subfield>
    <subfield code="d">(03 009611)</subfield>
  </datafield>
  <datafield tag="519" ind1=" " ind2=" ">
    <subfield code="a">Educaci&#xF3;n Mixta /</subfield>
    <subfield code="b">Criminal&#xED;stica /</subfield>
    <subfield code="c">Hematolog&#xED;a Forense (P15-2) /</subfield>
    <subfield code="d">(03 009613)</subfield>
  </datafield>
  <datafield tag="650" ind1="1" ind2="4">
    <subfield code="a">SANGRE</subfield>
    <subfield code="x">ENFERMEDADES</subfield>
  </datafield>
  <datafield tag="650" ind1="2" ind2="4">
    <subfield code="a">HEMATOLOG&#xCD;A</subfield>
  </datafield>
  <datafield tag="650" ind1="2" ind2="4">
    <subfield code="a">SANGRE</subfield>
    <subfield code="x">ENFERMEDADES</subfield>
    <subfield code="x">DIAGNOSTICO</subfield>
  </datafield>
  <datafield tag="700" ind1=" " ind2=" ">
    <subfield code="a">Hatton, Chris S.R.</subfield>
    <subfield code="e">autor</subfield>
  </datafield>
  <datafield tag="700" ind1=" " ind2=" ">
    <subfield code="a">Hughes-Jones, Nevin C.</subfield>
    <subfield code="e">autor</subfield>
  </datafield>
  <datafield tag="700" ind1=" " ind2=" ">
    <subfield code="a">Hay, Devora</subfield>
    <subfield code="e">autor</subfield>
  </datafield>
  <datafield tag="700" ind1=" " ind2=" ">
    <subfield code="a">Keeling, David</subfield>
    <subfield code="e">autor</subfield>
  </datafield>
  <datafield tag="700" ind1=" " ind2=" ">
    <subfield code="a">Palacios Mart&#xED;nez Juan Roberto</subfield>
    <subfield code="e">traductor</subfield>
  </datafield>
  <datafield tag="942" ind1=" " ind2=" ">
    <subfield code="c">LB</subfield>
  </datafield>
</record>
